[Event "Campeonato Brasileiro Amador 2015"]
[Site "Esporte Clube Pinheiros, São P"]
[Date "2015.05.03"]
[Round "7.32"]
[White "Sbrissa Neto, David Antonio"]
[Black "Leon Lopes, Sergio Amadeus"]
[Result "1/2-1/2"]
[WhiteElo "1826"]
[BlackElo "1967"]
[PlyCount "69"]
[EventDate "2015.04.30"]

1. d4 Nf6 2. Nf3 e6 3. e3 b6 4. Bd3 Bb7 5. O-O Be7 6. b3 d5 7. Bb2 O-O 8. Nbd2
Re8 9. Ne5 Nbd7 10. f4 c6 11. g4 Nxe5 12. dxe5 Nd7 13. f5 Bc5 14. Qf3 Qg5 15.
Rae1 Rf8 16. Kh1 Bb4 17. Re2 Nc5 18. Qf4 Qxf4 19. Rxf4 Nxd3 20. cxd3 Bxd2 21.
Rxd2 c5 22. Kg1 Ba6 23. d4 g5 24. fxg6 fxg6 25. Rdf2 c4 26. bxc4 Bxc4 27. a3 b5
28. Rxf8+ Rxf8 29. Rxf8+ Kxf8 30. g5 Ke7 31. Kf2 Kd7 32. Ke1 Kc6 33. Kd2 Kb6
34. Bc3 a5 35. Kc2 1/2-1/2

[Event "Campeonato Brasileiro Amador 2015"]
[Site "Esporte Clube Pinheiros, São P"]
[Date "2015.05.03"]
[Round "7.33"]
[White "Desideri, Ricardo Maruchi"]
[Black "Mendes, Rodrigo Machado"]
[Result "1-0"]
[WhiteElo "1965"]
[BlackElo "1918"]
[PlyCount "65"]
[EventDate "2015.04.30"]

1. e4 e5 2. f4 exf4 3. Bc4 Qh4+ 4. Kf1 Bc5 5. d4 Be7 6. Nf3 Qf6 7. Nc3 c6 8. e5
Qh6 9. Ne4 b5 10. Bb3 a5 11. a3 f5 12. Ng3 d5 13. exd6 Bxd6 14. Ne5 Bxe5 15.
dxe5 Ne7 16. Qd4 g5 17. h4 c5 18. Qxc5 Nd7 19. Qxe7+ Kxe7 20. Nxf5+ Kf8 21.
Nxh6 gxh4 22. Bxf4 Nc5 23. e6 Nxb3 24. cxb3 Bxe6 25. Be5 Rg8 26. Nxg8 Kxg8 27.
Rxh4 Bxb3 28. Rg4+ Kf7 29. Re1 Bc4+ 30. Kg1 Bd3 31. Rg7+ Ke6 32. Bc3+ Kd5 33.
Rd1 1-0

[Event "Campeonato Brasileiro Amador 2015"]
[Site "Esporte Clube Pinheiros, São P"]
[Date "2015.05.03"]
[Round "7.34"]
[White "Rodrigo Da Silva, Edson"]
[Black "Silva, Alexandre Freitas So"]
[Result "1/2-1/2"]
[WhiteElo "1963"]
[BlackElo "1903"]
[PlyCount "40"]
[EventDate "2015.04.30"]

1. d4 c6 2. c4 d5 3. Nc3 Nf6 4. e3 e6 5. Nf3 Be7 6. Bd3 dxc4 7. Bxc4 O-O 8. e4
c5 9. d5 exd5 10. exd5 Bd6 11. O-O a6 12. a4 b6 13. Bg5 Bg4 14. h3 Bxf3 15.
Qxf3 Nbd7 16. Qf5 Qc7 17. Rfe1 Rfe8 18. Rad1 h6 19. Bc1 Ne5 20. Ba2 Qd7 1/2-1/2

[Event "Campeonato Brasileiro Amador 2015"]
[Site "Esporte Clube Pinheiros, São P"]
[Date "2015.05.03"]
[Round "7.35"]
[White "Hoshino, Karen"]
[Black "Cordioli, Jairo Ribeiro"]
[Result "1-0"]
[WhiteElo "1777"]
[BlackElo "1945"]
[PlyCount "73"]
[EventDate "2015.04.30"]

1. d4 Nf6 2. c4 g6 3. Nc3 Bg7 4. e4 d6 5. Be3 Ng4 6. Bc1 O-O 7. f3 Nh6 8. Be3
f5 9. Qd2 Nf7 10. O-O-O c6 11. Be2 Na6 12. g4 fxg4 13. fxg4 Qc7 14. Kb1 Bd7 15.
h4 Qc8 16. g5 Bg4 17. Bxg4 Qxg4 18. Nge2 e5 19. Rdg1 Qe6 20. d5 cxd5 21. cxd5
Qd7 22. Ng3 b5 23. h5 b4 24. hxg6 hxg6 25. Qh2 Rfc8 26. Qh7+ Kf8 27. Qxg6 bxc3
28. Rh7 Nh8 29. Rf1+ Kg8 30. Rxh8+ Kxh8 31. Rh1+ Kg8 32. Qh7+ Kf8 33. Rf1+ Ke7
34. Qxg7+ Kd8 35. Rf8+ Kc7 36. Rf7 Qxf7 37. Qxf7+ 1-0

[Event "Campeonato Brasileiro Amador 2015"]
[Site "Esporte Clube Pinheiros, São P"]
[Date "2015.05.03"]
[Round "7.36"]
[White "Schwertner, Joao Victor Moreir"]
[Black "Roverso, Leandro"]
[Result "1-0"]
[WhiteElo "1771"]
[BlackElo "1945"]
[PlyCount "67"]
[EventDate "2015.04.30"]

1. d4 Nf6 2. c4 c5 3. Nf3 cxd4 4. Nxd4 Nc6 5. e3 g6 6. Nc3 Bg7 7. Be2 O-O 8.
O-O d6 9. b3 Bd7 10. Bb2 Qa5 11. Bf3 Rab8 12. Re1 Qg5 13. Ndb5 a6 14. Nc7 e6
15. Qxd6 Qe5 16. Rad1 Qxd6 17. Rxd6 Rbc8 18. Nxa6 bxa6 19. Na4 Nb8 20. Nb6 Rc7
21. Na8 Ne8 22. Nxc7 Bxb2 23. Nxe8 Rxe8 24. Red1 Re7 25. Rb6 Be5 26. c5 Bc7 27.
Rb7 Bc8 28. Rxb8 Bxb8 29. Rd8+ Kg7 30. Rxc8 Ba7 31. b4 e5 32. Bd5 e4 33. f3 f5
34. Bc4 1-0

[Event "Campeonato Brasileiro Amador 2015"]
[Site "Esporte Clube Pinheiros, São P"]
[Date "2015.05.03"]
[Round "7.37"]
[White "Yoshioka, Andre"]
[Black "Viaro Baccarin, Natalia"]
[Result "1-0"]
[WhiteElo "1754"]
[BlackElo "1940"]
[PlyCount "59"]
[EventDate "2015.04.30"]

1. d4 d5 2. c4 e6 3. Nc3 Nf6 4. cxd5 exd5 5. Bg5 Be7 6. e3 c6 7. Bd3 Bg4 8. f3
Bh5 9. Nge2 Nbd7 10. O-O Bg6 11. Qc2 Bxd3 12. Qxd3 O-O 13. e4 dxe4 14. Nxe4 Nd5
15. Bxe7 Qxe7 16. Rfe1 N7f6 17. N2c3 Rad8 18. Nxd5 Nxd5 19. a3 Qh4 20. Ng3 g6
21. Re4 Qh6 22. Rae1 Rd7 23. Qe2 Nf6 24. Re5 Rxd4 25. Re7 Rd2 26. Qe5 Nd7 27.
Qc3 Qg5 28. Rxd7 Rxd7 29. Ne4 Qf5 30. Nf6+ 1-0

[Event "Campeonato Brasileiro Amador 2015"]
[Site "Esporte Clube Pinheiros, São P"]
[Date "2015.05.03"]
[Round "7.38"]
[White "Das Chagas, David Ferreira"]
[Black "Guerra, Filipe Tella"]
[Result "1-0"]
[WhiteElo "1940"]
[BlackElo "1870"]
[PlyCount "61"]
[EventDate "2015.04.30"]

1. d4 Nf6 2. c4 g6 3. Nc3 d5 4. Nf3 Bg7 5. Bf4 O-O 6. e3 c5 7. dxc5 Qa5 8. Nd2
Qxc5 9. Nb3 Qb4 10. a3 Qb6 11. cxd5 Bf5 12. Be2 Ne4 13. Na4 Qd8 14. O-O Bd7 15.
Nbc5 Nxc5 16. Nxc5 Bxb2 17. Rb1 Bg7 18. Nxb7 Qc8 19. Qb3 Bf5 20. Rbc1 Qe8 21.
Bg3 Bc8 22. a4 a6 23. a5 Ra7 24. Rc7 Rxb7 25. Rxb7 Bxb7 26. Qxb7 Bc3 27. Rb1
Nd7 28. Qxa6 Qa8 29. Qxa8 Rxa8 30. a6 Nc5 31. Rb8+ 1-0

[Event "Campeonato Brasileiro Amador 2015"]
[Site "Esporte Clube Pinheiros, São "]
[Date "2015.05.03"]
[Round "7.39"]
[White "Batista, Francisco Klemberg "]
[Black "Dos Reis, Leandro Aparecido C"]
[Result "1-0"]
[WhiteElo "1748"]
[BlackElo "1940"]
[PlyCount "59"]
[EventDate "2015.04.30"]

1. e4 e6 2. d4 d5 3. Nd2 Nf6 4. e5 Nfd7 5. Bd3 c5 6. c3 Nc6 7. Ngf3 Qb6 8. O-O
cxd4 9. cxd4 Nxd4 10. Nxd4 Qxd4 11. Nf3 Qb6 12. Qa4 Qb4 13. Qc2 Qc5 14. Qe2 a6
15. Be3 Qa5 16. Rfc1 Be7 17. Rc3 Nf8 18. Rac1 Bd7 19. a3 Ng6 20. g3 O-O 21. Bc5
Bxc5 22. Rxc5 Qb6 23. Qc2 f5 24. exf6 Rxf6 25. Bxg6 Rxf3 26. Bxh7+ Kh8 27. Bg6
Raf8 28. Qe2 e5 29. Qxf3 Qxc5 30. Qh5+ 1-0

[Event "Campeonato Brasileiro Amador 2015"]
[Site "Esporte Clube Pinheiros, São P"]
[Date "2015.05.03"]
[Round "7.40"]
[White "Sa, Antonio Villar Marqu"]
[Black "Ferreira Brandet, Rodrigo"]
[Result "1-0"]
[WhiteElo "1938"]
[BlackElo "1856"]
[PlyCount "109"]
[EventDate "2015.04.30"]

1. e4 e5 2. Nf3 Nc6 3. Bb5 a6 4. Ba4 Nf6 5. O-O Be7 6. Re1 b5 7. Bb3 O-O 8. c3
d5 9. exd5 Nxd5 10. Nxe5 Nxe5 11. Rxe5 c6 12. d4 Bd6 13. Re1 Qh4 14. g3 Qh3 15.
Re4 g5 16. Qf1 Qh5 17. f3 Bh3 18. Qf2 Rae8 19. Nd2 f5 20. Rxe8 Rxe8 21. Nf1 Kh8
22. Bd2 g4 23. Bxd5 cxd5 24. f4 Re4 25. Re1 Qe8 26. Re3 h5 27. Qe2 Qc6 28. Rxe4
dxe4 29. Ne3 Bxf4 30. gxf4 Qg6 31. Qf2 Qf6 32. Be1 Qd6 33. b3 b4 34. cxb4 Qxd4
35. Nxf5 Qd3 36. Qd4+ Qxd4+ 37. Nxd4 Kg7 38. b5 axb5 39. Nxb5 Kf6 40. Nd4 Ke7
41. Bb4+ Kd7 42. Kf2 h4 43. Bd2 Kc7 44. b4 g3+ 45. hxg3 hxg3+ 46. Kxg3 Bf1 47.
Kf2 Bd3 48. Ke3 Kd6 49. a4 Kd5 50. b5 Kc5 51. a5 Bb1 52. a6 Kb6 53. Ba5+ Ka7
54. Nc6+ Ka8 55. b6 1-0

[Event "Campeonato Brasileiro Amador 2015"]
[Site "Esporte Clube Pinheiros, São P"]
[Date "2015.05.03"]
[Round "7.41"]
[White "Rapouso, Ricardo Luis Borba"]
[Black "Casarin, Luis Marcio Pinhatti"]
[Result "1-0"]
[WhiteElo "1936"]
[BlackElo "1848"]
[PlyCount "91"]
[EventDate "2015.04.30"]

1. d4 Nf6 2. c4 e6 3. Nf3 c5 4. d5 exd5 5. cxd5 d6 6. Nc3 g6 7. Bf4 a6 8. a4
Bg7 9. h3 O-O 10. e3 Qe7 11. Bd3 Nbd7 12. O-O Nh5 13. Bh2 Ne5 14. Be2 Nxf3+ 15.
Bxf3 Nf6 16. a5 Nd7 17. Ra3 Be5 18. Na4 f5 19. Be2 Re8 20. Bc4 Bxh2+ 21. Kxh2
Ne5 22. Ba2 Kh8 23. Nb6 Rb8 24. Qc1 Qh4 25. Qc3 Kg8 26. f3 f4 27. Nxc8 Qg3+ 28.
Kh1 Rbxc8 29. exf4 Qxf4 30. Qc1 Qh4 31. Re3 Rf8 32. Re4 Qf6 33. Qe3 Rf7 34. Re1
Rcf8 35. Rxe5 dxe5 36. d6 Qxd6 37. Qxe5 Qxe5 38. Rxe5 Kg7 39. Bxf7 Rxf7 40.
Rxc5 Kf6 41. Kh2 Rd7 42. b4 Ke6 43. b5 Rd5 44. bxa6 Rxc5 45. axb7 Rb5 46. a6
1-0

[Event "Campeonato Brasileiro Amador 2015"]
[Site "Esporte Clube Pinheiros, São P"]
[Date "2015.05.03"]
[Round "7.42"]
[White "Souza, Gustavo Horokoski De"]
[Black "Vieira, Alexandre Letizio"]
[Result "1-0"]
[WhiteElo "1928"]
[BlackElo "1832"]
[PlyCount "75"]
[EventDate "2015.04.30"]

1. d4 d5 2. c4 c6 3. Nc3 dxc4 4. a4 e5 5. e3 exd4 6. exd4 Bb4 7. Bxc4 Qe7+ 8.
Nge2 Nf6 9. O-O h6 10. d5 Bg4 11. Qb3 O-O 12. Nf4 Bxc3 13. bxc3 c5 14. Ba3 b6
15. Ng6 Qd6 16. Nxf8 Kxf8 17. a5 Nbd7 18. axb6 Nxb6 19. Qb5 Rc8 20. Be2 Bd7 21.
Qd3 Kg8 22. c4 Re8 23. Bb2 Nc8 24. f4 a6 25. Be5 Rxe5 26. fxe5 Qxe5 27. Rxa6
Kf8 28. Ra3 Nd6 29. Qe3 Qxe3+ 30. Rxe3 Nfe4 31. Ra1 f5 32. Ra8+ Kf7 33. Bd3 g5
34. Rh8 Kg7 35. Rd8 Ba4 36. g4 Kf6 37. gxf5 Kxf5 38. Rxd6 1-0

[Event "Campeonato Brasileiro Amador 2015"]
[Site "Esporte Clube Pinheiros, São P"]
[Date "2015.05.03"]
[Round "7.43"]
[White "Sousa, Felipe Mazim De"]
[Black "Guimaraes, Artemis Pamela"]
[Result "0-1"]
[WhiteElo "1747"]
[BlackElo "1963"]
[PlyCount "54"]
[EventDate "2015.04.30"]

1. d4 Nf6 2. c4 e6 3. Nc3 Bb4 4. e3 c5 5. a3 Bxc3+ 6. bxc3 Nc6 7. Bd3 O-O 8.
Nf3 d6 9. O-O e5 10. e4 h6 11. d5 Ne7 12. Nh4 g5 13. Nf3 Ng6 14. Ne1 Bd7 15. g3
Bh3 16. Ng2 Kh7 17. Re1 Bxg2 18. Kxg2 Rg8 19. h3 Qe7 20. Rb1 Rg7 21. Qb3 b6 22.
a4 Rag8 23. a5 Nh5 24. axb6 axb6 25. Qxb6 Qf6 26. Bf1 Nh4+ 27. Kh1 Qxf2 0-1

[Event "Campeonato Brasileiro Amador 2015"]
[Site "Esporte Clube Pinheiros, São P"]
[Date "2015.05.03"]
[Round "7.44"]
[White "Souza Dos Santos, Matheus Garcett"]
[Black "Schucman, Rebeca Lot"]
[Result "1-0"]
[WhiteElo "2058"]
[BlackElo "1708"]
[PlyCount "131"]
[EventDate "2015.04.30"]

1. e4 c5 2. Nf3 g6 3. c4 Bg7 4. d4 cxd4 5. Nxd4 Nc6 6. Be3 Nf6 7. Nc3 O-O 8.
Be2 Nxd4 9. Bxd4 d6 10. O-O Bd7 11. f3 Bc6 12. Qd2 Nd7 13. Bf2 a5 14. Rac1 Nc5
15. Rfd1 Qc7 16. Nd5 Bxd5 17. cxd5 a4 18. Qb4 Rfc8 19. Bb5 Qb6 20. a3 Qd8 21.
Bc4 Be5 22. g3 Rab8 23. Bb5 Ra8 24. f4 Bg7 25. e5 b6 26. Bc6 Ra7 27. Bd4 e6 28.
Bc3 Rxc6 29. dxc6 d5 30. Bd4 Bf8 31. Bxc5 bxc5 32. Rxc5 Rc7 33. Qd4 Bxc5 34.
Qxc5 Qb8 35. Rd2 Qc8 36. Rc2 d4 37. Qxd4 Rxc6 38. Rd2 Rc1+ 39. Kg2 Rc2 40. Kh3
Rxd2 41. Qxd2 Qc4 42. Qg2 Kg7 43. Qf3 Qd4 44. Qe2 Qd5 45. Qc2 Qb5 46. Kg2 Kf8
47. Kf2 Ke7 48. Qc3 Ke8 49. Qb4 Qc6 50. Qc3 Qb5 51. Ke1 Qd5 52. Qc8+ Ke7 53.
Qc7+ Kf8 54. Qd6+ Qxd6 55. exd6 Ke8 56. Kd2 Kd7 57. Kc3 f6 58. b3 axb3 59. Kxb3
Kxd6 60. Kc4 e5 61. fxe5+ fxe5 62. a4 Kc6 63. a5 e4 64. Kd4 Kb5 65. Kxe4 Kxa5
66. Ke5 1-0

[Event "Campeonato Brasileiro Amador 2015"]
[Site "Esporte Clube Pinheiros, São P"]
[Date "2015.05.03"]
[Round "7.45"]
[White "Buarque, Hugo Leonardo De Bri"]
[Black "Bail, Ellen Larissa"]
[Result "0-1"]
[WhiteElo "1992"]
[BlackElo "1644"]
[PlyCount "48"]
[EventDate "2015.04.30"]

1. d4 d5 2. c4 e6 3. Nc3 Nf6 4. Bg5 Be7 5. Nf3 Nbd7 6. e3 c6 7. Bd3 dxc4 8.
Bxc4 b5 9. Be2 a6 10. O-O Bb7 11. Rc1 Qb6 12. h3 c5 13. dxc5 Nxc5 14. b4 Nce4
15. Nxe4 Bxe4 16. Qb3 O-O 17. Rfd1 Bd5 18. Qb2 a5 19. bxa5 Rxa5 20. a4 Rxa4 21.
Qxb5 Qxb5 22. Bxb5 Ra5 23. Bc6 Bxf3 24. Bxf3 Rxg5 0-1

[Event "Campeonato Brasileiro Amador 2015"]
[Site "Esporte Clube Pinheiros, São P"]
[Date "2015.05.03"]
[Round "7.46"]
[White "Souza, Kim Garcia De"]
[Black "Ribeiro, Jose Joselito"]
[Result "0-1"]
[WhiteElo "1764"]
[BlackElo "1928"]
[PlyCount "70"]
[EventDate "2015.04.30"]

1. b4 e5 2. a3 d5 3. Bb2 Bd6 4. Nf3 Qe7 5. e3 Nf6 6. c4 c6 7. Be2 O-O 8. c5 Bc7
9. O-O Bg4 10. h3 Bh5 11. d3 h6 12. Nbd2 Nbd7 13. Re1 Rfe8 14. Nf1 e4 15. dxe4
Nxe4 16. N1h2 f6 17. Nd4 Nxf2 18. Qc1 Bxe2 19. Rxe2 Ne4 20. Nf5 Qe6 21. g4 Ng3
22. Nxg3 Bxg3 23. Nf3 Qe4 24. Qf1 Be5 25. Bxe5 Nxe5 26. Nd4 Nc4 27. Nf5 Re6 28.
Rd1 Rd8 29. Rd4 Qe5 30. Rd3 Kh7 31. Qe1 g6 32. Nd4 Re7 33. Nf3 Qe4 34. Rd4 Qxf3
35. Rf4 Qxf4 0-1

[Event "Campeonato Brasileiro Amador 2015"]
[Site "Esporte Clube Pinheiros, São P"]
[Date "2015.05.03"]
[Round "7.47"]
[White "Minelli, Fausto"]
[Black "Fernandes, Jose Francisco"]
[Result "1/2-1/2"]
[WhiteElo "1892"]
[BlackElo "1694"]
[PlyCount "108"]
[EventDate "2015.04.30"]

1. e4 e5 2. Nf3 Nf6 3. Nc3 Nc6 4. d4 d6 5. dxe5 dxe5 6. Qxd8+ Kxd8 7. Bg5 Ke8
8. Bxf6 gxf6 9. Nd5 Bd6 10. Nxf6+ Kf8 11. Bc4 h6 12. h3 Rb8 13. a3 b5 14. Bd5
Ne7 15. c3 Nxd5 16. Nxd5 Rg8 17. Ne3 f6 18. g3 Bb7 19. Nd5 Kf7 20. Nh4 Ke6 21.
Rd1 c6 22. Ne3 Bf8 23. Nhf5 c5 24. f3 a5 25. Rh2 b4 26. axb4 cxb4 27. Rhd2 bxc3
28. bxc3 Ra8 29. Rb2 Bc8 30. Rb6+ Kf7 31. Nd6+ Kg6 32. Nxc8 Rxc8 33. Nd5 Kf7
34. Rxf6+ Ke8 35. Ra6 Rxg3 36. Nf6+ Kf7 37. Rd7+ Kg6 38. Kf2 Rxh3 39. Kg2 Rh4
40. Nh7+ Kh5 41. Rf7 Rf4 42. Rxf4 exf4 43. Nxf8 Rxf8 44. Rxa5+ Kg6 45. Ra6+ Kg5
46. Kh3 Rc8 47. Ra5+ Kg6 48. Kg4 Rxc3 49. Kxf4 Rc6 50. e5 h5 51. Rd5 Rc4+ 52.
Kg3 h4+ 53. Kh3 Kf5 54. e6+ Kxe6 1/2-1/2

[Event "Campeonato Brasileiro Amador 2015"]
[Site "Esporte Clube Pinheiros, São P"]
[Date "2015.05.03"]
[Round "7.48"]
[White "Ribeiro, Allysson"]
[Black "Dias, Matheus Nunes"]
[Result "1-0"]
[WhiteElo "1861"]
[BlackElo "1638"]
[PlyCount "57"]
[EventDate "2015.04.30"]

1. d4 Nf6 2. c4 g6 3. Nc3 Bg7 4. e4 d6 5. f4 O-O 6. Nf3 c5 7. d5 e6 8. Be2 exd5
9. cxd5 Re8 10. e5 dxe5 11. fxe5 Ng4 12. e6 fxe6 13. d6 Be5 14. Nxe5 Nxe5 15.
O-O Nf7 16. Ne4 Nd7 17. Bb5 Rf8 18. Bc4 Nde5 19. b3 Nxc4 20. bxc4 Ne5 21. Bg5
Rxf1+ 22. Qxf1 Qf8 23. Qe2 Nf7 24. Rf1 h6 25. Be7 Qg7 26. Nf6+ Kh8 27. d7 Bxd7
28. Nxd7 Qd4+ 29. Qf2 1-0

[Event "Campeonato Brasileiro Amador 2015"]
[Site "Esporte Clube Pinheiros, São P"]
[Date "2015.05.03"]
[Round "7.49"]
[White "Andor, Jorge"]
[Black "Nicolini, Paulo Giovanni De A"]
[Result "0-1"]
[WhiteElo "1761"]
[BlackElo "1853"]
[PlyCount "120"]
[EventDate "2015.04.30"]

1. b3 e5 2. Bb2 Nc6 3. e3 Nf6 4. d4 exd4 5. exd4 d5 6. Nf3 Bd6 7. Be2 O-O 8.
O-O Ne7 9. Nbd2 Ng6 10. Ne5 Nf4 11. Bf3 c6 12. Re1 Nd7 13. Nf1 Qg5 14. Ng3 Nf6
15. Bc1 Qh4 16. c3 g5 17. Bxf4 gxf4 18. Nf1 Bf5 19. g3 fxg3 20. fxg3 Qh6 21.
Qd2 Qxd2 22. Nxd2 Rae8 23. Kf2 Bxe5 24. Rxe5 Rxe5 25. dxe5 Nd7 26. g4 Bd3 27.
Re1 Re8 28. h3 Rxe5 29. Re3 Rxe3 30. Kxe3 Ba6 31. b4 Nb6 32. Be2 d4+ 33. cxd4
Nd5+ 34. Kf3 Bxe2+ 35. Kxe2 Nxb4 36. a4 Nd5 37. Kf3 Kf8 38. a5 Ke7 39. Ke4 Ke6
40. Nf3 h6 41. g5 f5+ 42. gxf6 Kxf6 43. Ne5 Ke6 44. a6 bxa6 45. Nxc6 Ne7 46.
Na5 Nd5 47. h4 Nf6+ 48. Kd3 Kf5 49. Ke3 Kg4 50. Nc4 Kxh4 51. Kf4 Nd5+ 52. Ke5
Nc7 53. Kf4 Ne6+ 54. Ke5 Nxd4 55. Kxd4 Kg3 56. Ne3 h5 57. Ke5 Kf3 58. Nf5 a5
59. Nd4+ Ke3 60. Nf5+ Kd3 0-1

[Event "Campeonato Brasileiro Amador 2015"]
[Site "Esporte Clube Pinheiros, São P"]
[Date "2015.05.03"]
[Round "7.50"]
[White "Togni, Everton Batista"]
[Black "Silvestre, Gilmar Severino"]
[Result "0-1"]
[WhiteElo "1846"]
[BlackElo "1635"]
[PlyCount "111"]
[EventDate "2015.04.30"]

1. e4 c5 2. d4 cxd4 3. Nf3 Nc6 4. Nxd4 e5 5. Nb3 Nf6 6. Nc3 h6 7. Be3 Bb4 8. f3
O-O 9. Bc4 Qc7 10. O-O Bxc3 11. bxc3 d6 12. f4 Ng4 13. Qe2 Nxe3 14. Qxe3 exf4
15. Rxf4 Ne5 16. Be2 Be6 17. Nd4 Bd7 18. Raf1 Rac8 19. c4 Qc5 20. c3 Nxc4 21.
Qg3 Ne5 22. Rc1 Qa3 23. Rc2 Ng6 24. Rf3 Ba4 25. Rd2 Qc1+ 26. Rd1 Bxd1 27. Rf1
Rxc3 28. Rxd1 Qxd1+ 29. Bxd1 Rxg3 30. hxg3 Re8 31. Bc2 a6 32. Nf5 Re6 33. Bb3
Rf6 34. g4 Kf8 35. Bd5 b5 36. g3 Ne7 37. Bb7 Nxf5 38. gxf5 a5 39. Kf2 h5 40.
Ke3 g6 41. Kf4 gxf5 42. exf5 Kg7 43. Bc6 b4 44. Kg5 Rh6 45. Ba4 f6+ 46. Kf4 Rh8
47. Ke4 Kf7 48. Kd5 Ke7 49. Bd1 Rg8 50. Bxh5 Rxg3 51. Be2 Re3 52. Bg4 b3 53.
axb3 Rxb3 54. Be2 a4 55. Kc4 Re3 56. Bd1 0-1

[Event "Campeonato Brasileiro Amador 2015"]
[Site "Esporte Clube Pinheiros, São P"]
[Date "2015.05.03"]
[Round "7.51"]
[White "Vilas Boas, Crisolon Terto"]
[Black "Aoyama, Edmundo"]
[Result "0-1"]
[WhiteElo "1568"]
[BlackElo "1829"]
[PlyCount "56"]
[EventDate "2015.04.30"]

1. Nf3 Nf6 2. c4 g6 3. b3 Bg7 4. Bb2 O-O 5. e3 b6 6. Be2 Bb7 7. O-O c5 8. Nc3
d5 9. cxd5 Nxd5 10. e4 Nf4 11. d3 Nc6 12. Qd2 Ne6 13. Nb5 Bxb2 14. Qxb2 a6 15.
Na3 Ncd4 16. Nxd4 Nxd4 17. Rad1 Qd6 18. Rfe1 Rad8 19. Nc4 Qf6 20. Bf1 b5 21. e5
Qg5 22. Nd2 Rd5 23. Ne4 Qxe5 24. Nxc5 Nf3+ 25. gxf3 Qxb2 26. Nxb7 e6 27. Re2
Qc3 28. Red2 Rb8 0-1

[Event "Campeonato Brasileiro Amador 2015"]
[Site "Esporte Clube Pinheiros, São P"]
[Date "2015.05.03"]
[Round "7.58"]
[White "Abrantes, Tiago Garrido"]
[Black "Campos, Igor Joao Stefani Si"]
[Result "1-0"]
[WhiteElo "2173"]
[BlackElo "1587"]
[PlyCount "61"]
[EventDate "2015.04.30"]

1. d4 d5 2. Nf3 Nc6 3. Bf4 Bf5 4. e3 e6 5. c3 Nf6 6. Nbd2 Be7 7. h3 a6 8. Nh4
Be4 9. Nhf3 Nh5 10. Bh2 Nf6 11. Nxe4 Nxe4 12. Bd3 Qd7 13. Qc2 f5 14. a4 Bd6 15.
Ne5 Nxe5 16. dxe5 Bc5 17. a5 O-O 18. O-O Ba7 19. Kh1 Qe7 20. f3 Ng5 21. Rae1 c5
22. c4 dxc4 23. Bxc4 Rad8 24. Rd1 Rde8 25. Rd6 Bb8 26. h4 Bxd6 27. exd6 Qd8 28.
hxg5 Kh8 29. Be5 Qxg5 30. f4 Rf7 31. fxg5 1-0

[Event "Campeonato Brasileiro Amador 2015"]
[Site "Esporte Clube Pinheiros, São P"]
[Date "2015.05.03"]
[Round "7.59"]
[White "Lopes, Edson"]
[Black "Carvalho Jr, Celestino"]
[Result "0-1"]
[WhiteElo "1612"]
[BlackElo "1997"]
[PlyCount "42"]
[EventDate "2015.04.30"]

1. e4 e5 2. Nf3 Nc6 3. d4 exd4 4. Nxd4 Bc5 5. c3 Qe7 6. Qd3 Nf6 7. Nd2 O-O 8.
Be2 d5 9. exd5 Nxd5 10. Nxc6 bxc6 11. Qe4 Re8 12. Qxe7 Rxe7 13. Nc4 Ba6 14. Kf1
Rxe2 15. Kxe2 Bxc4+ 16. Kd1 Bxf2 17. Bd2 Bd3 18. b3 Re8 19. c4 Nf6 20. Be1 Bd4
21. Rc1 Bb2 0-1

[Event "Campeonato Brasileiro Amador 2015"]
[Site "Esporte Clube Pinheiros, São P"]
[Date "2015.05.03"]
[Round "7.60"]
[White "Ribeiro, Pablyto Robert Baioc"]
[Black "Souza, Bruna Garcia De"]
[Result "0-1"]
[WhiteElo "1955"]
[BlackElo "1584"]
[PlyCount "138"]
[EventDate "2015.04.30"]

1. e4 g6 2. g3 Bg7 3. Bg2 d6 4. d3 Nc6 5. c3 Nf6 6. Be3 e5 7. Nf3 Bg4 8. Nbd2
Qd7 9. h3 Be6 10. Ng5 a6 11. Ndf3 O-O-O 12. Nxe6 Qxe6 13. a4 d5 14. Ng5 Qe7 15.
exd5 Nxd5 16. Bxd5 Rxd5 17. O-O h6 18. Qg4+ f5 19. Qc4 Rhd8 20. Nf3 Rxd3 21.
Nh4 R3d6 22. Bc5 Qe6 23. Qxe6+ Rxe6 24. Rad1 b6 25. Rxd8+ Nxd8 26. Be3 Nb7 27.
Rd1 Nd6 28. b3 g5 29. Nf3 e4 30. Nd4 Bxd4 31. Bxd4 f4 32. g4 Nf7 33. Re1 c5 34.
Bg7 Rg6 35. Bf8 Re6 36. b4 Ne5 37. Kg2 Nd7 38. Bg7 Rg6 39. Bxh6 Rxh6 40. Rxe4
cxb4 41. cxb4 Kc7 42. Re7 Rg6 43. Rf7 Kc6 44. b5+ axb5 45. axb5+ Kd6 46. Rf5
Nc5 47. f3 Ne6 48. Rf7 Kc5 49. Rf5+ Kc4 50. Re5 Nc7 51. h4 gxh4 52. Re4+ Kxb5
53. Rxf4 Ne6 54. Rf5+ Kc4 55. Kh3 b5 56. Kxh4 b4 57. Re5 b3 58. Re1 b2 59. Kg3
Kc3 60. f4 Nf8 61. f5 Ra6 62. Rf1 Ra1 63. Rf3+ Kd4 64. Rb3 b1=Q 65. Rxb1 Rxb1
66. Kf4 Rf1+ 67. Kg5 Ke5 68. Kh5 Nd7 69. Kg6 Nf6 0-1

[Event "Campeonato Brasileiro Amador 2015"]
[Site "Esporte Clube Pinheiros, São P"]
[Date "2015.05.03"]
[Round "7.61"]
[White "Dibai, Jerry"]
[Black "Pereira, Daniele Costa"]
[Result "1/2-1/2"]
[WhiteElo "1786"]
[BlackElo "1582"]
[PlyCount "27"]
[EventDate "2015.04.30"]

1. Nf3 Nf6 2. g3 b6 3. Bg2 Bb7 4. d3 g6 5. e4 d6 6. O-O Bg7 7. c3 O-O 8. Re1 c5
9. Bg5 Nc6 10. Qd2 Re8 11. Bh6 Bh8 12. h4 Ng4 13. Bf4 Nce5 14. d4 1/2-1/2

[Event "Campeonato Brasileiro Amador 2015"]
[Site "Esporte Clube Pinheiros, São P"]
[Date "2015.05.03"]
[Round "7.62"]
[White "De Sousa, Fabiana"]
[Black "Nunes, Agatha Hurba"]
[Result "0-1"]
[WhiteElo "1612"]
[BlackElo "1765"]
[PlyCount "92"]
[EventDate "2015.04.30"]

1. d4 e6 2. Nf3 f5 3. e3 Nf6 4. Bd3 d5 5. c4 c6 6. Nc3 Bd6 7. O-O O-O 8. b3 b6
9. Bb2 Bb7 10. Ne5 Nbd7 11. Ne2 Bxe5 12. dxe5 Ng4 13. Nf4 Qe7 14. cxd5 cxd5 15.
Bb5 Ngxe5 16. Bxd7 Nxd7 17. Qh5 Nf6 18. Qg5 Rf7 19. Nh5 Nxh5 20. Qxh5 f4 21.
exf4 Rxf4 22. Rac1 Rf5 23. Qg4 Raf8 24. Qg3 R8f7 25. Qb8+ Qf8 26. Qg3 Ba6 27.
f3 Bxf1 28. Kxf1 Qd8 29. Be5 Qg5 30. Rc8+ Rf8 31. Rxf8+ Kxf8 32. Bd6+ Kg8 33.
Qe1 Qf6 34. Qc1 Qd8 35. Qc6 Rf7 36. Be5 Qd7 37. Qc3 Rf8 38. Qd4 Rc8 39. Qd3 Qc6
40. a4 Qc1+ 41. Kf2 Rc2+ 42. Kg3 Qg5+ 43. Kh3 Qh5+ 44. Kg3 Qxe5+ 45. Kh3 Qh5+
46. Kg3 Qg5+ 0-1

[Event "Campeonato Brasileiro Amador 2015"]
[Site "Esporte Clube Pinheiros, São "]
[Date "2015.05.03"]
[Round "7.63"]
[White "Queiroz, Stella Becker"]
[Black "Bocca, Edson Ricardo"]
[Result "1-0"]
[WhiteElo "1728"]
[BlackElo "1583"]
[PlyCount "107"]
[EventDate "2015.04.30"]

1. e4 e5 2. Nf3 Nc6 3. Bb5 Nge7 4. O-O d6 5. d4 exd4 6. Nxd4 Bd7 7. Bg5 Nxd4 8.
Bxd7+ Qxd7 9. Qxd4 f6 10. Be3 Nc6 11. Qd2 O-O-O 12. Nc3 a6 13. a4 Ne5 14. Nd5
Qg4 15. f3 Qd7 16. Bb6 Qc6 17. Bxc7 Rd7 18. Bb6 Kb8 19. b3 Rf7 20. Bf2 h5 21.
b4 g5 22. b5 Qc8 23. bxa6 Nc4 24. Qd4 Qc5 25. a7+ Ka8 26. Qxc4 Qxc4 27. Nb6+
Kxa7 28. Nxc4+ Ka8 29. Rfd1 Rc7 30. Nxd6 Be7 31. Nf5 Bb4 32. Ra2 g4 33. a5 gxf3
34. gxf3 Rg8+ 35. Kf1 Bc3 36. a6 b5 37. a7 Be5 38. Bg3 Rc3 39. Bxe5 fxe5 40.
Rd3 Rxd3 41. cxd3 Rd8 42. Ke2 Rg8 43. Ke3 Rc8 44. Rb2 Rc5 45. Nd6 Kxa7 46.
Nxb5+ Ka6 47. Nd6 Rc1 48. Nc4 Re1+ 49. Re2 Rg1 50. Nxe5 h4 51. d4 h3 52. d5 Rg2
53. Rxg2 hxg2 54. Kf2 1-0